000 00550nam a2200181Ia 4500
008 090123s9999 xx 000 0 und d
082 _b16182
_a891.463/जोगळे
100 _aजोगळेकर योगिनी
245 _aसार्थक
250 _a1
260 _bदिलिप प्रकाशन
_c1988
300 _a212
600 _aजोगळेकर योगिनी
630 _aसार्थक
700 _aजोगळेकर योगिनी
730 _aसार्थक
942 _cBOOK
999 _c54246
_d54246